000 00768nam a22002537a 4500
003 OSt
005 20140310181918.0
008 130717t xxu||||| |||| 00| 0 eng d
050 _aQA 13
_b.Ex96 2006
082 _aTR 510
_bEx8 2006
245 _aExtensions in mathematics
_cMA : Curriculum Associates, 2006.
260 _bMA : Curriculum Associates, 2006.
300 _a128 p.
_bill. ;
_c28 cm.
541 _j1
541 _j1
541 _j1
541 _j1
562 _e1
830 _aExtensions in mathematics Series H
_91236
830 _aExtensions in mathematics Series F
_91237
830 _aExtensions in mathematics Series E
_91238
830 _aExtensions in mathematics Series G
_91239
942 _2lcc
_cBK-TR
_kP GS
999 _c6846
_d6846